000 00347 a2200109 4500
001 ART_6776
005 20260410161621.0
008 260409a
245 1 0 _aLos incidentes de verificación tardía y de revisión y el tema de las costas
100 1 _aTruffat, Edgardo Daniel
773 0 _tEnfoques
_g- Nº 5 (may. 2010)
_wREV416
999 _c11547
_d11547